Readings on financial institutions and markets

Salvato in:
Dettagli Bibliografici
Altri autori: Rose, Peter S.
Natura: Libro
Lingua:inglese
Pubblicazione: Chicago IRWIN 1996
Soggetti:
Tags: Aggiungi Tag
Nessun Tag, puoi essere il primo ad aggiungerne!!

MARC

LEADER 00000nam a2200000 4500
001 c105279
005 20230109132354.2
020 |a 0-256-14530-X 
041 0 |a eng 
044 |a US 
245 1 0 |a Readings on financial institutions and markets  |c edited by Peter S. Rose 
264 1 |a Chicago  |b IRWIN  |c 1996 
300 |a 288 s. 
610 2 0 |a financie 
610 2 0 |a inštitúcia 
610 2 0 |a banky 
610 2 0 |a bankovníctvo 
610 2 0 |a inovácia 
610 2 0 |a regulácia 
610 2 0 |a peniaze 
610 2 0 |a trh kapitálový 
610 2 0 |a nástroje finančné 
610 2 0 |a riadenie 
610 2 0 |a dlhy 
610 2 0 |a politika fiškálna 
610 2 0 |a politika peňažná 
610 2 0 |a politika finančná 
610 2 0 |a trh 
610 2 0 |a únie menové 
700 1 |a Rose, Peter S.